Fr. Conceicao Rodrigues College of Engineering

Administrative policy (Record no. 22732)

MARC details
000 -LEADER
fixed length control field 00333nam a2200145Ia 4500
082 ## - DEWEY DECIMAL CLASSIFICATION NUMBER
Classification number 658.4
100 ## - MAIN ENTRY--PERSONAL NAME
Personal name Bennett/ E.D./ Brandt/ F.S.
245 ## - TITLE STATEMENT
Title Administrative policy
260 ## - PUBLICATION, DISTRIBUTION, ETC.
Name of publisher, distributor, etc. Charchs E Merill pub. co.
Place of publication, distribution, etc. Ohio
Date of publication, distribution, etc. 1974
300 ## - PHYSICAL DESCRIPTION
Extent 766
490 ## - SERIES STATEMENT
Volume/sequential designation 1
546 ## - LANGUAGE NOTE
Language note ENGLISH
654 ## - SUBJECT ADDED ENTRY--FACETED TOPICAL TERMS
Focus term Administrative policy
942 ## - ADDED ENTRY ELEMENTS (KOHA)
Koha item type Reference Book
Holdings
Withdrawn status Lost status Damaged status Not for loan Collection Home library Current library Date acquired Source of acquisition Cost, normal purchase price Inventory number Total Checkouts Full call number Barcode Date last seen Cost, replacement price Price effective from Koha item type
        AFT Fr. Agnel's C.Rodrigues College of Engineering Fr. Agnel's C.Rodrigues College of Engineering 17/03/2023 UBS 172.80 T-354   658.4 AFT3034 17/03/2023 172.80 17/03/2023 Reference Book